The ricci flow : an introduction
Αποθηκεύτηκε σε:
| Κύριος συγγραφέας: | |
|---|---|
| Άλλοι συγγραφείς: | |
| Μορφή: | Βιβλίο |
| Γλώσσα: | English |
| Δημοσίευση: |
Providence, R.I. :
American Mathematical Society,
c2004
|
| Σειρά: | Mathematical surveys and monographs ;
; 110 |
| Θέματα: | |
| Ετικέτες: |
Προσθήκη ετικέτας
Δεν υπάρχουν, Καταχωρήστε ετικέτα πρώτοι!
|
MARC
| LEADER | 00000nam a2200000 i 4500 | ||
|---|---|---|---|
| 001 | 1/63885 | ||
| 008 | 041025s2004 eng d | ||
| 020 | |a 0-8218-3515-7 | ||
| 035 | |l 10074912 | ||
| 040 | |a GR-MY-UA |b gre |e aacr | ||
| 041 | 0 | |a eng | |
| 082 | 0 | |a 516.362 | |
| 100 | 1 | |a Chow, Bennett. | |
| 245 | 1 | 4 | |a The ricci flow : |b an introduction / |c Bennet Chow, Dan Knopf |
| 260 | |a Providence, R.I. : |b American Mathematical Society, |c c2004 | ||
| 300 | |a xii, 325 σ.; |c 26 εκ. | ||
| 490 | 1 | |a Mathematical surveys and monographs |v ; 110 | |
| 504 | |a Περιέχει βιβλιογραφικές αναφορές και ευρετήριο | ||
| 650 | 0 | 0 | |a Global differential geometry. |
| 650 | 0 | 0 | |a Ricci flow. |
| 650 | 0 | 0 | |a Riemannian manifolds. |
| 700 | 1 | |a Knopf, Dan |d 1959- | |
| 830 | 0 | |a Mathematical surveys and monographs ; |v ; 110 | |
| 852 | |a INST |b SAMOS |e 20041025 |h 516.362 CHO |p 005300022897 |q 005300022897 |t BK |y 0 | ||
| 901 | |a BIBL3-2004-3 | ||
| 909 | |a Σ |b 115119 | ||
| 922 | |a 3ΕΛΗ |b 200406 |c ΕΠΕΑΕΚ2/ΤΜΗΜΑ ΜΑΘΗΜΑΤΙΚΩΝ |d ΜΙΧΑΛΟΠΟΥΛΟΣ | ||
| 950 | |a 116-2004-06-18 | ||
| 970 | |a ΚΟΣΙΕΡΗΣ |b ΧΡΗΣΤΟΣ |z 2004/11/04 | ||